The Past and Future of Information Systems /

保存先:
書誌詳細
第一著者: Andersen, Kim Viborg (ed.)
その他の著者: Vendelo, Morten Thanning (edición) (edición), Davis, Gordon B. (prefacio) (prefacio)
フォーマット: 図書
言語:英語
出版事項: Burlington, EUA : Elsevier, 2004, c2004
シリーズ:(Butterworth-Heinemann Information Systems Series)
主題:
タグ: タグ追加
タグなし, このレコードへの初めてのタグを付けませんか!

MARC

LEADER 00000nam^a2200000^a^4500
001 000167432
005 20250521000000.0
009 20260310101127.29
020 |a 0-7506-61410 
037 |a Acervo ITESO - Biblioteca 
041 |a ING 
082 |a 658. 00285  |b AND 
100 |a Andersen, Kim Viborg  |e (ed.) 
245 1 4 |a The Past and Future of Information Systems /  |c Ed. de K.V. Andersen, M.T. Vendelo ; pref. de G.B. Davis. 
264 4 |a Burlington, EUA :  |b Elsevier,  |c 2004, c2004 
300 |a X, 274 p. 
336 |a texto  |b txt  |2 rdacontenido 
337 |a sin mediación  |b n  |2 rdamedio 
338 |a volumen  |b nc  |2 rdasoporte 
440 1 |a (Butterworth-Heinemann Information Systems Series) 
649 |a XX 
650 |a Interacción Hombre-Máquina 
650 |a Conocimiento -  |x Administración -  |x Tema Principal 
650 |a Información -  |x Administración -  |x Tema Principal 
650 |a Sistemas de Información -  |x Historia 
650 |a Sistemas de Información -  |x Aspectos Sociales y Culturales 
650 |a Tecnologías de Comunicación e Información -  |x Historia 
650 |a Tecnologías de Comunicación e Información -  |x Aspectos Sociales y Culturales 
650 |a Informática 
650 |a Desarrollo Tecnológico 
650 |a Tecnología y Sociedad 
650 |a Ingeniería Computacional 
700 |a Vendelo, Morten Thanning  |e (edición) 
700 |a Davis, Gordon B.  |e (prefacio) 
910 |a Fondo General 
920 |a Impresos - Libros 
930 |a Colección General 
905 |a 101 
901 |a 0500103121  |b IT1  |c ACC  |u 20250521 
902 |a https://opac.biblio.iteso.mx/vufind/Record/000167432